| 000 | 00738nam a2200241Ia 4500 | ||
|---|---|---|---|
| 003 | OSt | ||
| 005 | 20230927141311.0 | ||
| 008 | 210716s2002 xx 000 0 und d | ||
| 020 | _a9781590332184 | ||
| 040 | _cAIMIT LIBRARY | ||
| 041 | _aeng | ||
| 082 |
_a374.22 _21 _bBLAD |
||
| 100 |
_aBlance, D Ellsworth. _9135384 |
||
| 245 |
_aBankruptcy : _bprimer / _cBy Ellsworth Blanc. |
||
| 250 | _a1st | ||
| 260 |
_aNew York : _bNovinka books , _c2002. |
||
| 300 |
_a121p. ; _bPB _c20.7 cm |
||
| 650 |
_aGeneral Knowledge _9135385 |
||
| 651 |
_aStructure of the U S bankruptcy code _9135386 |
||
| 651 |
_aLiquidation and recorganization _9135387 |
||
| 651 |
_aIndividual with regular income _9135388 |
||
| 942 |
_2ddc _cBK _e1st _k374.22 BLAD |
||
| 999 |
_c206434 _d206434 |
||